000 00852nam a2200277Ia 4500
003 OSt
005 20221005073201.0
006 a|||||r|||| 00| 0
007 ta
008 221004b |||||||| |||| 00| 0 hin d
020 _a8186684786
_c850
024 _a81959
037 _b701, 30/03/2005, Manak Publication
_cTextual
040 _aCRL
_cCRL
_bhin
041 _2hin
_ahin
082 _aV2.N4<---N, 152P0
100 _aDutt Rajni Palm
_9607812
245 0 _aAaj ka Bharat tr by Ram Vilas Sharma
260 _aNew Delhi
_bGranth Shilpi India
_c2000
300 _a576p.
_ccm.
650 _a HISTORY
650 _aINDIA - HISTORY
700 _a Sharma Ram Vilas Tr.
_9607813
942 _hV2.N4<---N, 152P0
_cTEXL
_2cc
999 _c980742
_d980742